Un pueblo en la cruz: el drama de Bolivia
Saved in:
| Main Author: | |
|---|---|
| Format: | Book |
| Language: | Spanish |
| Published: |
Santiago
Del Pacífico
1956
|
| Subjects: | |
| Tags: |
Add Tag
No Tags, Be the first to tag this record!
|
MARC
| LEADER | 00000nam a2200000 a 4500 | ||
|---|---|---|---|
| 001 | UCO3206 | ||
| 003 | CL-VaPUC | ||
| 008 | 000714e19560000CL |||||||||||||||||spa|d | ||
| 082 | 0 | 4 | |a 984.051 |b OST |2 21 |
| 100 | |a Ostria Gutiérrez, Alberto |e autor |9 447155 | ||
| 245 | 1 | 3 | |a Un pueblo en la cruz: el drama de Bolivia |
| 300 | |a 369 p | ||
| 942 | |c BK | ||
| 945 | |d 20000714 00:00:00 |a rherrera | ||
| 260 | |a Santiago |b Del Pacífico |c 1956 | ||
| 650 | 0 | |a Historia de Bolivia siglo 20 |9 390465 | |
| 650 | 7 | |a REVOLUCION DE 1943 |2 CL-VaPUC |9 447156 | |
| 650 | 7 | |a GUERRAS CIVILES |2 CL-VaPUC |9 361938 | |
| 650 | 0 | |a REFORMA AGRARIA |9 256789 | |
| 651 | 0 | |a Bolivia |9 255454 | |
| 583 | |a last modification |c 20160912 05:03:37 |k Rodrigo Vera | ||
| 999 | |c 289676 |d 289674 | ||
| 952 | |0 0 |1 0 |4 0 |6 984_051000000000000_OST_1956 |7 0 |8 A |9 338258 |a BIBHIS |b BIBHIS |d 2019-11-20 |i 1298429 |o 984.051 OST 1956 |p 1298429 |r 2025-01-20 |w 2019-11-20 |y BK |k HIS | ||
| 952 | |0 0 |1 0 |4 0 |6 984_051000000000000_OST_1956 |7 0 |8 A |9 338259 |a BIBHIS |b BIBHIS |d 2019-11-20 |i 1298437 |o 984.051 OST 1956 |p 1298437 |r 2025-01-20 |w 2019-11-20 |y BK |k HIS | ||